Geschichte der Deutschen in den Karpathenlandern
| Main Author: | |
|---|---|
| Format: | Book |
| Language: | German |
| PhysicalDescription: | 369 s. |
| Published: |
Gotha
Friedrich Andreas Perthes
1907
|
MARC
| LEADER | 00000nam a2200000 a 4500 | ||
|---|---|---|---|
| 001 | vtls008294122 | ||
| 003 | SK-MaSNL | ||
| 005 | 20260301020020.0 | ||
| 008 | 240318s1907 gw 000 0 ger | ||
| 040 | |a SNK |b slo |c SNK |e AACR2 | ||
| 041 | 0 | |a ger | |
| 044 | |a gw |c DE | ||
| 100 | 1 | |a Kaindl, Raimund Friedrich |4 aut |9 306724 | |
| 245 | 1 | 0 | |a Geschichte der Deutschen in den Karpathenlandern |
| 260 | |a Gotha |b Friedrich Andreas Perthes |c 1907 | ||
| 300 | |a 369 s. | ||
| 958 | |a ONDV | ||
| 999 | |c 562016 |d 563946 | ||
| 952 | |a SNK |b SNK |y PREZ |7 0 |p 17A0481972 |o snkSC 11121/1 |i snkKSK 99/58 |8 3 |3 Rekatalogizácia |0 0 |1 0 |4 0 |d 2005-08-11 |l 0 |r 2025-07-11 00:00:00 |w 2026-02-23 | ||


